An analysis of a slum area in Cleveland; (Record no. 91296)

MARC details
000 -LEADER
fixed length control field 00432cam a2200169u 4500
001 - CONTROL NUMBER
control field unk80012183
003 - CONTROL NUMBER IDENTIFIER
control field DLC
005 - DATE AND TIME OF LATEST TRANSACTION
control field 20260227112758.0
008 - FIXED-LENGTH DATA ELEMENTS--GENERAL INFORMATION
fixed length control field 810311s1934 xx 000 0 eng
010 ## - LIBRARY OF CONGRESS CONTROL NUMBER
LC control number unk80012183
040 ## - CATALOGING SOURCE
Original cataloging agency DLC
Transcribing agency CarP
Modifying agency DLC
050 00 - LIBRARY OF CONGRESS CALL NUMBER
Classification number HV4046.C4
Item number N3 1934
100 1# - MAIN ENTRY--PERSONAL NAME
Personal name Navin, Robert Bernard.
245 13 - TITLE STATEMENT
Title An analysis of a slum area in Cleveland;
260 ## - PUBLICATION, DISTRIBUTION, ETC.
Place of publication, distribution, etc. Cleveland Ohio,
Date of publication, distribution, etc. [1934]
300 ## - PHYSICAL DESCRIPTION
Extent p. cm.

No items available.

Powered by Koha